000 00777nam a2200217Ii 4500
003 JO-AjNU
008 230605s9999||||xx |||||||||||||| ||und||
017 _a2009/6/2364
040 _aJO-AjNU
_bara
_erda
_cJO-AjNU
041 _aara
050 1 4 _aG155.A1.H33 2010
100 3 _aتاليف الحديد، إبراهيم إسماعيل حسين ,
_eauthor
_933818
245 0 0 _aإدارة التسويق السياحي
250 _aط1
264 3 1 _aعمان: دار الاعصار، مكتبة المجتمع العربي، 2010
300 _a305ص
336 _atext
_btxt
_2rdacontent
337 _aunmediated
_bn
_2rdamedia
338 _avolume
_bnc
_2rdacarrier
650 4 _aالتسويق-ادارة المبيعات-السياحة-صناعة السياحة
_933819
999 _aA13803
_c17371
_d17371